[Event "Titled Tuesday intern op 07th May Early"]
[Site "Chess.com INT"]
[Date "2024.05.07"]
[Round "4"]
[White "Llari, Marc"]
[Black "Loef, Dirk"]
[Result "1-0"]
[WhiteElo "2178"]
[BlackElo "2060"]
[PlyCount "37"]
[EventDate "2024.05.07"]
[EventType "swiss (blitz)"]
[EventRounds "11"]
[EventCountry "USA"]
[SourceTitle "EXT 2025"]
[Source "ChessBase"]
[SourceDate "2024.10.14"]
[SourceVersion "1"]
[SourceVersionDate "2024.10.14"]
[SourceQuality "1"]

1. e4 d6 2. d4 Nf6 3. Nc3 g6 4. Bg5 Bg7 5. e5 Nfd7 6. exd6 cxd6 7. Qd2 0-0 8. h4 Qa5 9. Nf3 e5 10. Bh6 exd4 11. Bxg7 Kxg7 12. Qxd4+ Ne5 13. 0-0-0 Nbc6 14. Qf4 Bg4 15. h5 Nxf3 16. Qxg4 Nfe5 17. Qf4 Rad8 18. h6+ Kg8 19. Qf6 1-0

[Event "Titled Tuesday intern op 16th Apr Early"]
[Site "Chess.com INT"]
[Date "2024.04.16"]
[Round "5"]
[White "Loef, Dirk"]
[Black "Osinovsky, Stepan"]
[Result "1-0"]
[WhiteElo "2060"]
[BlackElo "2241"]
[PlyCount "53"]
[EventDate "2024.04.16"]
[EventType "swiss (blitz)"]
[EventRounds "11"]
[EventCountry "USA"]
[SourceTitle "CBM 219 Extra"]
[Source "ChessBase"]
[SourceDate "2024.05.31"]
[SourceVersion "1"]
[SourceVersionDate "2024.05.31"]
[SourceQuality "1"]

1. d4 Nf6 2. Nc3 g6 3. Bg5 d5 4. Qd2 Bg7 5. Bh6 Bxh6 6. Qxh6 Nc6 7. 0-0-0 b6 8. f3 Bb7 9. e4 dxe4 10. Bb5 a6 11. d5 Nxd5 12. Rxd5 Qc8 13. Ba4 b5 14. Bb3 Na5 15. Rd2 exf3 16. Nxf3 Nxb3+ 17. axb3 Qf5 18. Re1 Qf6 19. Ne4 Bxe4 20. Rxe4 Rd8 21. Rde2 Rd7 22. Kb1 e6 23. Ng5 Kd8 24. Qh4 Qf1+ 25. Re1 Rd1+ 26. Ka2 Rxe1 27. Rxe1 1-0

[Event "Titled Tuesday intern op 07th Jun Early"]
[Site "Chess.com INT"]
[Date "2022.06.07"]
[Round "2"]
[White "Gil Alba, Hector Luis"]
[Black "Loef, Dirk"]
[Result "0-1"]
[WhiteElo "2310"]
[BlackElo "2116"]
[PlyCount "108"]
[EventDate "2022.06.07"]
[EventType "swiss (blitz)"]
[EventRounds "11"]
[EventCountry "USA"]
[SourceTitle "CBM 208 Extra"]
[Source "ChessBase"]
[SourceDate "2022.07.31"]
[SourceVersion "1"]
[SourceVersionDate "2022.07.31"]
[SourceQuality "1"]

1. e4 e6 2. d4 d5 3. Nd2 dxe4 4. Nxe4 Nf6 5. Nxf6+ gxf6 6. Nf3 Bd7 7. g3 Bc6 8. Bg2 Be4 9. 0-0 Qd5 10. Re1 f5 11. b3 Bb4 12. c4 Qa5 13. Bd2 Bxd2 14. Qxd2 Qxd2 15. Nxd2 Bxg2 16. Kxg2 Nc6 17. d5 0-0-0 18. dxc6 Rxd2 19. cxb7+ Kxb7 20. Kf1 Rhd8 21. Re2 Rd1+ 22. Rxd1 Rxd1+ 23. Kg2 Kb6 24. h3 h5 25. f3 Kc5 26. g4 hxg4 27. fxg4 fxg4 28. hxg4 Kd4 29. Rf2 f5 30. g5 Ke5 31. Re2+ Kf4 32. g6 e5 33. g7 Rd8 34. Kh3 Rg8 35. Rg2 e4 36. Kh4 e3 37. Kh5 Kf3 38. Rg5 f4 39. Kg6 e2 40. Re5 Kf2 41. Kf7 Rxg7+ 42. Kxg7 e1Q 43. Rf5 f3 44. Rf7 a5 45. Kf8 Qe5 46. a3 Ke2 47. b4 axb4 48. axb4 f2 49. c5 f1Q 50. Rxf1 Kxf1 51. c6 Ke2 52. b5 Kd3 53. b6 cxb6 54. c7 Qxc7 0-1

[Event "Oberliga Sued W 1516"]
[Site "Germany"]
[Date "2016.04.10"]
[Round "9.6"]
[White "Loef, Dirk"]
[Black "Ronge, Tim Hendrick"]
[Result "1/2-1/2"]
[WhiteElo "2113"]
[BlackElo "1927"]
[PlyCount "114"]
[EventDate "2015.09.20"]
[EventType "team-tourn"]
[EventRounds "9"]
[EventCountry "GER"]
[SourceTitle "EXT 2017"]
[Source "ChessBase"]
[SourceDate "2016.10.25"]
[SourceVersion "1"]
[SourceVersionDate "2016.10.25"]
[SourceQuality "1"]
[WhiteTeam "Heidesheim"]
[BlackTeam "Heimbach Weis/Neuwied"]
[WhiteTeamCountry "GER"]
[BlackTeamCountry "GER"]

1. d4 Nf6 2. Nf3 g6 3. Bf4 Bg7 4. Nbd2 0-0 5. e4 d6 6. Be2 c5 7. dxc5 dxc5 8. c3 Nc6 9. 0-0 b6 10. Qa4 Bb7 11. Rad1 Nh5 12. Be3 Qc7 13. Rfe1 Rfd8 14. Ng5 Nf4 15. Bc4 e6 16. g3 Nd3 17. Bxe6 fxe6 18. Nxe6 Qe7 19. Nxd8 Rxd8 20. Bg5 Qf7 21. Bxd8 Qxf2+ 22. Kh1 Nxe1 23. Qc4+ Kh8 24. Qf1 Qxf1+ 25. Nxf1 Nf3 26. Rd7 Ba8 27. Bxb6 axb6 28. Rc7 Na7 29. Rxa7 Bxe4 30. Ne3 Bh6 31. Re7 Bc6 32. Kg2 Bg5 33. Rc7 Be4 34. Rc8+ Kg7 35. Re8 Nd2+ 36. Kf2 Bb1 37. Rb8 Bxa2 38. Rb7+ Bf7 39. Nd5 Ne4+ 40. Ke2 Nd6 41. Rd7 Nc4 42. h4 Bf6 43. b3 Na5 44. Nxb6 Bxc3 45. Nc4 Nxc4 46. bxc4 Be5 47. g4 Bg3 48. Kf3 Be5 49. Ke4 Bd4 50. Ra7 h5 51. gxh5 gxh5 52. Kf5 Bf6 53. Rc7 Bxh4 54. Rxc5 Bf2 55. Rc7 h4 56. Kg4 Kf6 57. Rxf7+ Kxf7 1/2-1/2

[Event "Oberliga Sued W 1415"]
[Site "Germany"]
[Date "2015.02.22"]
[Round "7.5"]
[White "Loef, Dirk"]
[Black "Helbig, Daniel"]
[Result "1/2-1/2"]
[WhiteElo "2143"]
[BlackElo "2141"]
[PlyCount "90"]
[EventDate "2014.09.21"]
[EventType "team-tourn"]
[EventRounds "9"]
[EventCountry "GER"]
[SourceTitle "EXT 2019"]
[Source "ChessBase"]
[SourceDate "2018.10.10"]
[SourceVersion "1"]
[SourceVersionDate "2018.10.10"]
[SourceQuality "1"]
[WhiteTeam "Heidesheim"]
[BlackTeam "Worms"]
[WhiteTeamCountry "GER"]
[BlackTeamCountry "GER"]

1. d4 Nf6 2. Nc3 d6 3. Nf3 Bg4 4. h3 Bxf3 5. exf3 g6 6. Bg5 Bg7 7. Qd2 c6 8. 0-0-0 Qa5 9. Kb1 Nbd7 10. Bc4 Qb4 11. Bb3 e6 12. Ne4 Qxd2 13. Rxd2 Ke7 14. Bf4 Ne8 15. Bg5+ Ndf6 16. c3 Rc8 17. Re2 Nc7 18. Bf4 Rhd8 19. Nxf6 Bxf6 20. Bh6 b5 21. h4 c5 22. dxc5 dxc5 23. Bf4 Nd5 24. Bxd5 Rxd5 25. Rd2 a5 26. Rxd5 exd5 27. Bg5 Rc6 28. Re1+ Re6 29. Re3 Bxg5 30. hxg5 Rxe3 31. fxe3 Ke6 32. g4 Ke5 33. Kc2 d4 34. cxd4+ cxd4 35. Kd3 dxe3 36. Kxe3 Kd5 37. b3 Kc5 38. a3 Kd5 39. f4 Kc5 40. Ke4 a4 41. bxa4 bxa4 42. Kd3 Kd5 43. Ke3 Kc4 44. Ke4 Kb3 45. Kd3 Kxa3 1/2-1/2

[Event "Oberliga Sued W 1415"]
[Site "Germany"]
[Date "2015.02.01"]
[Round "6.5"]
[White "Weller, Manuel"]
[Black "Loef, Dirk"]
[Result "1-0"]
[WhiteElo "2203"]
[BlackElo "2143"]
[PlyCount "77"]
[EventDate "2014.09.21"]
[EventType "team-tourn"]
[EventRounds "9"]
[EventCountry "GER"]
[SourceTitle "EXT 2019"]
[Source "ChessBase"]
[SourceDate "2018.10.10"]
[SourceVersion "1"]
[SourceVersionDate "2018.10.10"]
[SourceQuality "1"]
[WhiteTeam "Schwarzenbach Caissa"]
[BlackTeam "Heidesheim"]
[WhiteTeamCountry "GER"]
[BlackTeamCountry "GER"]

1. e4 d6 2. d4 Nf6 3. Nc3 Nbd7 4. Nge2 e5 5. h3 c6 6. g4 exd4 7. Qxd4 d5 8. exd5 Bc5 9. Qf4 Nxd5 10. Nxd5 cxd5 11. Bg2 0-0 12. 0-0 Nb6 13. c3 Bd6 14. Qf3 f5 15. g5 f4 16. Nd4 Qxg5 17. a4 a5 18. Re1 Bd7 19. b3 Be5 20. Ba3 Rfc8 21. Rad1 Rc7 22. Re2 Rac8 23. h4 Qf6 24. Qh5 Bd6 25. Bxd5+ Kh8 26. Bxd6 Qxd6 27. Be4 g6 28. Qg5 Rc5 29. Qg2 Rxc3 30. Red2 Rc1 31. Bxb7 R8c2 32. Rd3 Rc3 33. Qf1 Rxd3 34. Qxd3 Rxd1+ 35. Qxd1 Be6 36. Qd2 Nd7 37. Qc3 Ne5 38. Nf3 Qd1+ 39. Kh2 1-0

[Event "Oberliga Sued W 1314"]
[Site "Germany"]
[Date "2014.01.19"]
[Round "5.4"]
[White "Loef, Dirk"]
[Black "Scheiblauer, Heinrich"]
[Result "0-1"]
[WhiteElo "2154"]
[BlackElo "2190"]
[PlyCount "60"]
[EventDate "2013.10.13"]
[EventType "team-tourn"]
[EventRounds "9"]
[EventCountry "GER"]
[SourceTitle "EXT 2015"]
[Source "ChessBase"]
[SourceDate "2014.11.20"]
[SourceVersion "1"]
[SourceVersionDate "2014.11.20"]
[SourceQuality "1"]
[WhiteTeam "Heidesheim"]
[BlackTeam "Mutterstadt"]
[WhiteTeamCountry "GER"]
[BlackTeamCountry "GER"]

1. d4 d5 2. Nc3 Bf5 3. f3 e6 4. e4 Bg6 5. exd5 exd5 6. Qe2+ Ne7 7. Bf4 Nbc6 8. 0-0-0 Qd7 9. h4 h6 10. h5 Bh7 11. g4 Nd8 12. Nb5 Ne6 13. Qe5 a6 14. Nc3 0-0-0 15. Nh3 Nc6 16. Qe3 Be7 17. Bd3 Bxd3 18. Rxd3 Rhe8 19. Bg3 Bf6 20. Be5 Nexd4 21. f4 Bxe5 22. fxe5 Rxe5 23. Qd2 Qxg4 24. Rg1 Ne2+ 25. Nxe2 Qxe2 26. Qxe2 Rxe2 27. Nf4 Re5 28. Rxg7 Rf5 29. Rf3 Nd4 30. Rf2 Rxf4 0-1

[Event "Oberliga Sued W 0809"]
[Site "Germany"]
[Date "2008.10.05"]
[Round "1.2"]
[White "Dolezal, Radoslav"]
[Black "Loef, Dirk"]
[Result "1/2-1/2"]
[WhiteElo "2445"]
[BlackElo "2213"]
[PlyCount "57"]
[EventDate "2008.10.05"]
[EventType "team-tourn"]
[EventRounds "11"]
[EventCountry "GER"]
[SourceTitle "EXT 2012"]
[Source "ChessBase"]
[SourceDate "2011.11.24"]
[SourceVersion "1"]
[SourceVersionDate "2011.11.24"]
[SourceQuality "1"]
[WhiteTeam "Bann"]
[BlackTeam "Heidesheim"]
[WhiteTeamCountry "GER"]
[BlackTeamCountry "GER"]

1. d4 Nf6 2. Bg5 d5 3. e3 Ne4 4. Bh4 Qd6 5. Nd2 Qb4 6. Rb1 Qxd2+ 7. Qxd2 Nxd2 8. Kxd2 Bf5 9. Bg3 Nd7 10. Bd3 Bxd3 11. cxd3 Rc8 12. Ne2 e6 13. Rhc1 Kd8 14. b4 Bd6 15. Bxd6 cxd6 16. Rxc8+ Kxc8 17. Nc3 Kd8 18. e4 dxe4 19. dxe4 Ke7 20. Rc1 Rc8 21. Nd5+ Kd8 22. Rxc8+ Kxc8 23. Nc3 a6 24. d5 e5 25. Nd1 b5 26. Ne3 g6 27. f3 Nb6 28. Ng4 Kd7 29. Ne3 1/2-1/2

[Event "Schwarzach op"]
[Site "Schwarzach"]
[Date "2005.08.??"]
[Round "2"]
[White "Bellini, Fabio"]
[Black "Loef, Dirk"]
[Result "1-0"]
[WhiteElo "2511"]
[BlackElo "2215"]
[PlyCount "59"]
[EventDate "2005.08.??"]
[EventType "swiss"]
[EventRounds "9"]
[EventCountry "AUT"]
[SourceTitle "EXT 2007"]
[Source "ChessBase"]
[SourceDate "2006.11.23"]
[SourceVersion "1"]
[SourceVersionDate "2006.11.23"]
[SourceQuality "1"]

1. e4 e6 2. d4 b6 3. Bd3 Bb7 4. Nc3 Nf6 5. Bg5 Be7 6. Nge2 a6 7. 0-0 c5 8. dxc5 bxc5 9. Qd2 Nc6 10. f4 h6 11. Bxf6 gxf6 12. Nd1 Qa5 13. c3 0-0-0 14. Ne3 Rdg8 15. Kh1 h5 16. Ng1 Qc7 17. Qe2 Nb8 18. Rf2 h4 19. Nh3 Rg7 20. Rd1 Rhg8 21. Qc2 Kd8 22. Be2 Ke8 23. Bf3 Nc6 24. Qd3 Nb8 25. Qf1 Bc6 26. Qe1 Qb7 27. Nc4 f5 28. Na5 fxe4 29. Nxb7 exf3 30. Qe5 1-0

[Event "Schwarzach op"]
[Site "Schwarzach"]
[Date "2005.08.??"]
[Round "5"]
[White "Loef, Dirk"]
[Black "Campanile, Antonio"]
[Result "1-0"]
[WhiteElo "2215"]
[BlackElo "2110"]
[PlyCount "93"]
[EventDate "2005.08.??"]
[EventType "swiss"]
[EventRounds "9"]
[EventCountry "AUT"]
[SourceTitle "EXT 2007"]
[Source "ChessBase"]
[SourceDate "2006.11.23"]
[SourceVersion "1"]
[SourceVersionDate "2006.11.23"]
[SourceQuality "1"]

1. e4 d5 2. Nc3 dxe4 3. Nxe4 Nd7 4. Bc4 Ngf6 5. Ng5 e6 6. Qe2 Nb6 7. Bb3 c5 8. N1f3 Bd6 9. d3 0-0 10. Bd2 Qc7 11. Ne4 Nxe4 12. Qxe4 Nd7 13. Bc3 Nf6 14. Qh4 Nd5 15. Bxd5 exd5 16. 0-0 d4 17. Bd2 f6 18. Qe4 Bd7 19. c3 dxc3 20. Bxc3 Bc6 21. Qe6+ Rf7 22. Kh1 Bxf3 23. gxf3 Bxh2 24. Rae1 Be5 25. Bxe5 fxe5 26. Rxe5 Qd7 27. Qxd7 Rxd7 28. Rxc5 Rf8 29. Kg2 b6 30. Rc3 Rd6 31. Re1 Rg6+ 32. Kf1 Rgf6 33. d4 Rxf3 34. Rxf3 Rxf3 35. Ke2 Rf7 36. Rc1 h5 37. Ke3 Kh7 38. d5 h4 39. d6 Rd7 40. Rd1 g5 41. Ke4 Kg6 42. Kd5 Kf5 43. Kc6 Rd8 44. Kc7 Rg8 45. d7 Kf4 46. Rh1 Kf3 47. Rh2 1-0

[Event "Schwarzach op"]
[Site "Schwarzach"]
[Date "2005.08.??"]
[Round "7"]
[White "Loef, Dirk"]
[Black "Wilson, Alexandra"]
[Result "1-0"]
[WhiteElo "2215"]
[BlackElo "2101"]
[PlyCount "57"]
[EventDate "2005.08.??"]
[EventType "swiss"]
[EventRounds "9"]
[EventCountry "AUT"]
[SourceTitle "EXT 2007"]
[Source "ChessBase"]
[SourceDate "2006.11.23"]
[SourceVersion "1"]
[SourceVersionDate "2006.11.23"]
[SourceQuality "1"]

1. d4 e6 2. e4 d5 3. Nc3 Nf6 4. Bg5 Bb4 5. exd5 exd5 6. Qf3 Bxc3+ 7. Qxc3 0-0 8. Bd3 Re8+ 9. Ne2 Nc6 10. 0-0-0 Qd6 11. Bf4 Qe7 12. Ng3 Ne4 13. Bxe4 dxe4 14. d5 Nb4 15. Kb1 Na6 16. Rhe1 Qh4 17. Nxe4 Bf5 18. Bg3 Qh6 19. f3 Qg6 20. Qd4 h6 21. Bf4 c5 22. Qe3 Rac8 23. g4 Bd7 24. h4 f5 25. gxf5 Qxf5 26. Bxh6 gxh6 27. Qxh6 Rxe4 28. fxe4 Qh7 29. Rg1+ 1-0

[Event "Schwarzach op"]
[Site "Schwarzach"]
[Date "2005.08.??"]
[Round "9"]
[White "Loef, Dirk"]
[Black "Wohl, Aleksandar H"]
[Result "1/2-1/2"]
[WhiteElo "2215"]
[BlackElo "2439"]
[PlyCount "47"]
[EventDate "2005.08.??"]
[EventType "swiss"]
[EventRounds "9"]
[EventCountry "AUT"]
[SourceTitle "EXT 2007"]
[Source "ChessBase"]
[SourceDate "2006.11.23"]
[SourceVersion "1"]
[SourceVersionDate "2006.11.23"]
[SourceQuality "1"]

1. e4 c5 2. Nf3 Nc6 3. Bb5 d6 4. Nc3 Bd7 5. d4 cxd4 6. Nxd4 Nf6 7. 0-0 e6 8. f4 Be7 9. Bxc6 Bxc6 10. Nxc6 bxc6 11. e5 dxe5 12. fxe5 Qxd1 13. Rxd1 Ng4 14. Bf4 Bc5+ 15. Kf1 Ne3+ 16. Bxe3 Bxe3 17. g3 Ke7 18. Rd6 c5 19. Nb5 a6 20. Na3 Bd4 21. Nc4 Rhb8 22. c3 Bxe5 23. Rc6 Bf6 24. Nb6 1/2-1/2

[Event "Schwarzach op-A 18th"]
[Site "Salzburg"]
[Date "2003.08.28"]
[Round "6.9"]
[White "Loef, Dirk"]
[Black "Krivoshey, Sergei"]
[Result "0-1"]
[WhiteElo "2183"]
[BlackElo "2507"]
[PlyCount "80"]
[EventDate "2003.08.23"]
[EventType "swiss"]
[EventRounds "9"]
[EventCountry "AUT"]
[SourceTitle "EXT 2004"]
[Source "ChessBase"]
[SourceDate "2003.11.25"]
[SourceVersion "1"]
[SourceVersionDate "2003.11.25"]
[SourceQuality "1"]

1. e4 d5 2. exd5 Nf6 3. Nc3 Nxd5 4. Bc4 Nb6 5. Bb3 c5 6. d3 Bf5 7. Qf3 Qd7 8. Bxf7+ Kxf7 9. g4 e6 10. Be3 Nc6 11. gxf5 exf5 12. 0-0-0 Nd4 13. Qg2 Qc6 14. Qxc6 Nxc6 15. Nf3 Be7 16. d4 cxd4 17. Nxd4 Nxd4 18. Bxd4 Bg5+ 19. Kb1 Rhd8 20. Bxb6 axb6 21. Nd5 Rd6 22. c4 Re8 23. Nc3 Red8 24. Rxd6 Rxd6 25. Rd1 Rxd1+ 26. Nxd1 Kf6 27. Kc2 Bf4 28. h4 g5 29. hxg5+ Kxg5 30. Kd3 h5 31. Ke2 Kg4 32. b4 h4 33. Nc3 h3 34. Kf1 Kf3 35. Kg1 Be5 36. Nb5 h2+ 37. Kh1 Kxf2 38. c5 bxc5 39. bxc5 f4 40. Nd6 f3 0-1

[Event "Schwarzach op-A"]
[Site "Schwarzach"]
[Date "2002.??.??"]
[Round "1"]
[White "Loef, Dirk"]
[Black "Shchekachev, Andrei"]
[Result "0-1"]
[WhiteElo "2175"]
[BlackElo "2573"]
[PlyCount "54"]
[EventDate "2002.08.??"]
[EventType "swiss"]
[EventRounds "9"]
[EventCountry "AUT"]
[SourceTitle "EXT 2003"]
[Source "ChessBase"]
[SourceDate "2002.11.25"]
[SourceVersion "1"]
[SourceVersionDate "2002.11.25"]
[SourceQuality "1"]

1. e4 c5 2. Nf3 d6 3. Bb5+ Nd7 4. 0-0 Ngf6 5. Re1 a6 6. Bf1 b6 7. c3 Bb7 8. d4 Bxe4 9. Nbd2 Bd5 10. Bc4 e6 11. Ng5 Be7 12. dxc5 Nxc5 13. Qc2 Bxc4 14. Nxc4 0-0 15. Re3 h6 16. Nh3 Rc8 17. Nf4 b5 18. Nd2 d5 19. Rh3 Qc7 20. Nf3 Nce4 21. Be3 b4 22. Nh5 Nxh5 23. Rxh5 bxc3 24. b3 Bc5 25. Nd4 Bxd4 26. Bxd4 Qf4 27. f3 Nf6 0-1

[Event "SBRhH-ch M"]
[Site "Germany"]
[Date "2001.??.??"]
[Round "?"]
[White "Loef, Dirk"]
[Black "Sabel, Reinhard"]
[Result "1/2-1/2"]
[WhiteElo "2180"]
[BlackElo "2104"]
[PlyCount "43"]
[EventDate "2001.??.??"]
[EventType "swiss"]
[EventRounds "9"]
[EventCountry "GER"]
[SourceTitle "EXT 2003"]
[Source "ChessBase"]
[SourceDate "2002.11.25"]
[SourceVersion "1"]
[SourceVersionDate "2002.11.25"]
[SourceQuality "1"]

1. e4 e5 2. Nf3 Nc6 3. d4 exd4 4. Bc4 Nf6 5. e5 d5 6. Bb5 Ne4 7. Nxd4 Bd7 8. Bxc6 bxc6 9. 0-0 Be7 10. f3 Nc5 11. Be3 0-0 12. c3 f6 13. exf6 Rxf6 14. Nd2 Ne6 15. b4 Nxd4 16. Bxd4 Rh6 17. Nb3 Bd6 18. g3 Rg6 19. f4 Qh4 20. Qc2 Qh5 21. Rae1 Bf5 22. Qd1 1/2-1/2

[Event "SBRhH-ch M"]
[Site "Germany"]
[Date "2001.??.??"]
[Round "?"]
[White "Loef, Dirk"]
[Black "Voropaev, Gleb"]
[Result "0-1"]
[WhiteElo "2180"]
[BlackElo "2294"]
[PlyCount "74"]
[EventDate "2001.??.??"]
[EventType "swiss"]
[EventRounds "9"]
[EventCountry "GER"]
[SourceTitle "EXT 2003"]
[Source "ChessBase"]
[SourceDate "2002.11.25"]
[SourceVersion "1"]
[SourceVersionDate "2002.11.25"]
[SourceQuality "1"]

1. e4 e6 2. d4 d5 3. exd5 exd5 4. Bd3 Bd6 5. Ne2 Qf6 6. Be3 Ne7 7. Qd2 Bf5 8. Bxf5 Nxf5 9. Bf4 0-0 10. 0-0 Nxd4 11. Bxd6 Nxe2+ 12. Qxe2 Qxd6 13. Re1 Nd7 14. Nc3 Nf6 15. Qb5 a6 16. Qb3 b5 17. Rad1 c6 18. Ne4 Nxe4 19. Rxe4 Rae8 20. Re3 Re6 21. Qc3 Rfe8 22. Rde1 Rxe3 23. Rxe3 Rxe3 24. Qxe3 Qe6 25. b4 Qxe3 26. fxe3 Kf8 27. Kf2 Ke7 28. Ke2 Kd6 29. Kd3 c5 30. a3 cxb4 31. axb4 Ke5 32. c3 f6 33. Kd2 Ke4 34. Ke2 h5 35. Kd2 h4 36. Ke2 h3 37. g3 f5 0-1

[Event "Rheinhessen-ch M1"]
[Site "Mainz"]
[Date "1997.??.??"]
[Round "3"]
[White "Garski, Rudolf"]
[Black "Loef, Dirk"]
[Result "0-1"]
[WhiteElo "1870"]
[BlackElo "2026"]
[PlyCount "30"]
[EventDate "1997.03.21"]
[EventType "tourn"]
[EventRounds "9"]
[EventCountry "GER"]
[SourceTitle "EXT 2000"]
[Source "ChessBase"]
[SourceDate "1999.11.16"]
[SourceVersion "1"]
[SourceVersionDate "1999.11.16"]
[SourceQuality "1"]

1. e4 c5 2. Nf3 Nc6 3. d4 cxd4 4. Nxd4 e5 5. Nb5 a6 6. Nd6+ Bxd6 7. Qxd6 Qf6 8. Qa3 Qg6 9. Nc3 Nf6 10. f3 d5 11. Be3 d4 12. Nb5 axb5 13. Qxa8 0-0 14. Bf2 Nxe4 15. Bd3 Qxg2 0-1

[Event "Rheinhessen-ch M1"]
[Site "Mainz"]
[Date "1997.??.??"]
[Round "1"]
[White "Goettmann, Holger"]
[Black "Loef, Dirk"]
[Result "0-1"]
[WhiteElo "1892"]
[BlackElo "2026"]
[PlyCount "70"]
[EventDate "1997.03.21"]
[EventType "tourn"]
[EventRounds "9"]
[EventCountry "GER"]
[SourceTitle "EXT 2000"]
[Source "ChessBase"]
[SourceDate "1999.11.16"]
[SourceVersion "1"]
[SourceVersionDate "1999.11.16"]
[SourceQuality "1"]

1. Nf3 c5 2. g3 Nc6 3. Bg2 Nf6 4. 0-0 e5 5. d3 Be7 6. c4 d5 7. cxd5 Nxd5 8. Nc3 Be6 9. Bd2 0-0 10. a3 Nc7 11. Rb1 f6 12. Qa4 Qd7 13. b4 b5 14. Qd1 cxb4 15. axb4 Nxb4 16. d4 Rad8 17. dxe5 fxe5 18. Be3 Qxd1 19. Nxd1 Nc6 20. Ng5 Bd5 21. Bxd5+ Rxd5 22. Nc3 b4 23. Nxd5 Nxd5 24. Ne4 Nd4 25. Bxd4 exd4 26. Nd2 Nc3 27. Rbe1 Bc5 28. Nb3 Bb6 29. Nc1 a5 30. e3 dxe3 31. fxe3 Rd8 32. Nb3 a4 33. Nd4 b3 34. Rf4 b2 35. Nc6 Bxe3+ 0-1

[Event "Rheinhessen-ch M1"]
[Site "Mainz"]
[Date "1997.??.??"]
[Round "8"]
[White "Kuenitz, Klaus"]
[Black "Loef, Dirk"]
[Result "0-1"]
[WhiteElo "2150"]
[BlackElo "2026"]
[PlyCount "96"]
[EventDate "1997.03.21"]
[EventType "tourn"]
[EventRounds "9"]
[EventCountry "GER"]
[SourceTitle "EXT 2000"]
[Source "ChessBase"]
[SourceDate "1999.11.16"]
[SourceVersion "1"]
[SourceVersionDate "1999.11.16"]
[SourceQuality "1"]

1. Nf3 c5 2. c4 Nf6 3. Nc3 Nc6 4. d4 cxd4 5. Nxd4 a6 6. e4 e5 7. Nxc6 bxc6 8. Be2 Bb4 9. Qb3 Qa5 10. Bd2 Rb8 11. 0-0 0-0 12. a3 Bxc3 13. Qxc3 Qxc3 14. Bxc3 Nxe4 15. Bxe5 d6 16. Bd3 dxe5 17. Bxe4 Rxb2 18. Bxc6 Be6 19. Bd5 Bxd5 20. cxd5 Rd2 21. Rfd1 Rxd1+ 22. Rxd1 Rb8 23. Kf1 Kf8 24. Ke2 Ke7 25. Rc1 Rb5 26. Rc7+ Ke8 27. d6 Rd5 28. Rc6 a5 29. Ra6 Kd7 30. Ke3 Ke6 31. g4 h6 32. h4 Rd4 33. Rxa5 Rxg4 34. d7 Kxd7 35. Rxe5 Ra4 36. Rd5+ Ke6 37. Rd3 Rxh4 38. Rb3 Ra4 39. Kf3 f5 40. Kg3 Kf6 41. f3 Kg5 42. Kh3 Kf4 43. Kh4 g6 44. Kh3 g5 45. Kh2 Rd4 46. Kg2 Rd2+ 47. Kf1 Ra2 48. Ke1 h5 0-1